| 000 | 00000nam 2200000za 4500 |
| 001 | 9.660213 |
| 003 | CaOODSP |
| 005 | 20200427132950 |
| 007 | ta |
| 008 | 150407|1998||||xxc||||| f|0| 0 eng d |
| 020 | |a0-662-63598-1 |
| 040 | |aCaOODSP|beng |
| 041 | |aeng |
| 041 | |afre |
| 043 | |an-cn--- |
| 086 | 1 |aSE1-2/1998 |
| 245 | 00|aReport of the Chief Electoral Officer of Canada : |bfollowing the Port Moody-Coquitlam by-election. |
| 260 | |aOttawa : |bElections Canada, |c1998. |
| 300 | |a13 p. : |bgraphs ; |c28 cm. |
| 520 | 3 |a"This report to the Speaker of the House of Commons, following the March 30, 1998 by-election in the electoral district of Port Moody-Coquitlam, in British Columbia, provides details of that by-election, and of Elections Canada's activities since the statutory report on the June 2, 1997 general election. It also enables me to provide readers with a glimpse of our future challenges".--Page 1. |
| 546 | |aBilingual |
| 563 | |aSoftcover |
| 590 | |a98-44|b1998-10-30 |
| 690 | 07|aBy-elections|2gcpds |
| 710 | 2 |aElections Canada. |
| 776 | 0#|tRapport du directeur général des élections du Canada sur l'élection partielle dans Port Moody-Coquitlam |w(CaOODSP)9.639927 |
| 776 | 0#|tReport of the Chief Electoral Officer of Canada following the Port Moody-Coquitlam by-election |w(CaOODSP)9.695830 |
| 792 | |tRapport du directeur général des élections du Canada : |efre|w(CaOODSP)9.660214 |